000 00272nam a22001217a 4500
008 170522b xxu||||| |||| 00| 0 eng d
041 _aeng
080 _a94
100 _a16
101 _aSHH
245 _aOXFORD IN THE HISTORY OF ENGLAND
_cROWSE, A.L
942 _2udc
_cBK
999 _c13783
_d13783